Famous Black European People - Statistics

General Stats
  • This quiz has been taken 143 times
  • The average score is 7 of 18
Answer Stats
Hint Answer % Correct
Leading actor in TV series "Luther" Idris Elba
77%
7-times F1 champion Lewis Hamilton
66%
Second-most expensive footballer of all time Kylian Mbappé
57%
Singer of "Smooth Operator" and "The Sweetest Taboo" Sade
50%
Author of "The Three Musketeers" Alexandre Dumas
49%
Milwaukee Bucks basketballer nicknamed "Greek Freak" Giannis Antetokounmpo
43%
Dutch football defender who plays for Liverpool Virgil van Dijk
43%
Model who assaults people with phones Naomi Campbell
40%
She sang three James Bond themes Shirley Bassey
37%
British long-distance runner who won Olympic gold medals 4 times Mo Farah
36%
He's not the star of "The Great Escape", he's the director of "12 Years a Slave","Hunger" and "Shame" Steve McQueen
35%
Trinidadian-German singer of "What is Love" Haddaway
33%
Star of "Get Out" and "Nope" Daniel Kaluuya
31%
"12 Years a Slave" leading star Chiwetel Ejiofor
26%
Mozambique-born footballer nicknamed "Black Panther" Eusébio
24%
Lead actor of "Lupin" and "The Intouchables" Omar Sy
21%
French tennis player known for his showmanship and trick shots Gaël Monfils
16%
Founder of the modern Russian literature Alexander Pushkin
9%
No matching quizzes found
Score Distribution
Percent of People with Each Score
Percentile by Number Answered
Your Score History
You have not taken this quiz